Gintama Episode Titles - 2 - Statistiques

Statistiques générales
  • Ce quiz a été pris 20 fois
  • Le résultat moyen est 3 sur 17
Answers on the Grid
Answers color-coded by a green-red scale on the quiz's grid according to % correct below.
Walk Your Dog At An Appropriate Speed
Real Flowers Don't Last But Having Plastic Ones Is Like Cheating
Who Watches The Ads On Television?
Cat Lovers And Dog Lovers Are Mutually Exclusive
Love Is Unconditional
The More Precious The Burden, The Heavier And More Difficult It Is To Shoulder It
Being The Main Character Is Tough
Not Losing To The Storm
Children Always Speak The Truth
Meals Should Be Balanced
A Blue Sky
We Ended Kind of Early So We're Gonna Start the Next Episode (Take Two)
The More Delicious The Food, The Nastier It Is When It Goes Bad
Gintama Is Almost Finished But Not Yet
I'm Lazy And He's A Workaholic
A Mother's Instincts Are Unbeatable
We're Sorry
You Can Never Pause At The Perfect Time
Nobody Likes the Photo on Their License
Hope
Careful Of The Wind When You Wear A Wig
Daughters Shouldn't Date Before Their Thirties
The Line Between Tenacious and Annoying is Paper-Thin
Do Something Uncharacteristic, and Something Uncharacteristic Will Happen
Back Home
There Are Lines Even Villains Can't Cross
Walking A Fine Line
Santa Claus Red Is Blood Red
There's Almost A 100% Chance You'll Forget Your Umbrella And Hate Yourself For It
You Stop Celebrating Your Birthday After Fifty Years
 
Statistiques - réponses
Réponse % Correct
Walk Your Dog At An Appropriate Speed
70%
Cat Lovers And Dog Lovers Are Mutually Exclusive
60%
The More Precious The Burden, The Heavier And More Difficult It Is To Shoulder It
30%
Not Losing To The Storm
20%
The More Delicious The Food, The Nastier It Is When It Goes Bad
20%
We Ended Kind of Early So We're Gonna Start the Next Episode (Take Two)
20%
Do Something Uncharacteristic, and Something Uncharacteristic Will Happen
10%
Hope
10%
Love Is Unconditional
10%
Meals Should Be Balanced
10%
Santa Claus Red Is Blood Red
10%
There Are Lines Even Villains Can't Cross
10%
There's Almost A 100% Chance You'll Forget Your Umbrella And Hate Yourself For It
10%
Nobody Likes the Photo on Their License
0%
The Line Between Tenacious and Annoying is Paper-Thin
0%
We're Sorry
0%
You Can Never Pause At The Perfect Time
0%
Aucun quiz correspondant
Distribution des résultats
% des personnes avec chaque résultat
Percentile par nombre de réponses
Votre historique - résultats
Vous n’avez pas pris ce quiz